| 000 | 01189nam a22002177a 4500 | ||
|---|---|---|---|
| 999 |
_c63761 _d63761 |
||
| 003 | Ge_BSU | ||
| 005 | 20260109170322.0 | ||
| 008 | 260109s1977 ge ||||| |||| 00| 0 geo d | ||
| 041 | _ageo | ||
| 080 | _a911.3:33(47+57)(075.3) ს-13 | ||
| 245 |
_aსსრ კავშირის ეკონომიური გეოგრაფია : _b სახელმძღვ. მე-8 კლასისათვის / _cკ.ფ. სტროევი, ა.ა. ივანტერი, მ.კ. კოვალევსკაია, ვ.ი. რომი. |
||
| 250 | _aმე-6 შესწ. გამოცემა | ||
| 264 |
_aთბ. : _bგანათლება, _c1977. |
||
| 300 |
_a350 გვ. : _bილ. ; _c22 სმ. |
||
| 653 | _aსსრ კავშირის ეკონომიური გეოგრაფია | ||
| 700 |
_aსტროევი, კ.ფ. _eავტორი _926636 |
||
| 700 |
_aივანტერი, ა.ა. _e ავტორი _926637 |
||
| 700 |
_aკოვალევსკაია, მ.კ. _eავტორი _926282 |
||
| 700 |
_aრომი, ვ.ი. _eავტორი _926283 |
||
| 942 |
_2udc _cᲬᲘᲒᲜᲘ |
||